Historia del casco (Record no. 159308)

MARC details
000 -LEADER
campo de control de longitud fija 00786nam a2200193 i 4500
001 - NÚMERO DE CONTROL
campo de control 159308
003 - IDENTIFICADOR DE NÚMERO DE CONTROL
campo de control ES-MaACL
005 - FECHA Y HORA DE LA ÚLTIMA TRANSACCIÓN
campo de control 20230906211534.0
008 - DATOS DE LONGITUD FIJA--INFORMACIÓN GENERAL
campo de control de longitud fija 981002s1887 sp af |||| | spa d
100 1# - ENTRADA PRINCIPAL--NOMBRE DE PERSONA
Nombre de persona Mélida y Alinari, José Ramón,
Fechas asociadas al nombre 1856-1933
9 (RLIN) 79969
245 10 - MENCIÓN DEL TÍTULO
Título Historia del casco
Resto del título : (apuntes arqueológicos) /
Mención de responsabilidad, etc. por José Ramón Mélida.
260 ## - PUBLICACIÓN, DISTRIBUCIÓN, ETC.
Lugar de publicación, distribución, etc. Madrid :
Nombre del editor, distribuidor, etc. [s.n.],
Fecha de publicación, distribución, etc. 1887 (
Fabricante Estab. Tip. Sucesores de Rivadeneyra)
300 ## - DESCRIPCIÓN FÍSICA
Extensión 51 p., [1] h. de lám. :
Otras características físicas il. ;
Dimensiones 21 cm.
599 ## - NOTA A LAS ILUSTRACIONES
NOTA A LAS ILUSTRACIONES La h. de lam. es fototipia : "J. Laurent y Cª. Madrid"
599 ## - NOTA A LAS ILUSTRACIONES
NOTA A LAS ILUSTRACIONES Las il. son 59 xilografías.
650 #4 - PUNTO DE ACCESO ADICIONAL DE MATERIA--TÉRMINO DE MATERIA
Término de materia o nombre geográfico como elemento de entrada Armaduras-
Subdivisión de forma Historia.
9 (RLIN) 135601
852 ## - LOCALIZACIÓN
Ubicación ES-MaACL
Número de control de estantería T-585-F-1
Nota libre - Enc. hol., conservando cub. original
-- - Enc. en un vol. facticio
Holdings
Estatus retirado Estado de pérdida Estado de daño No para préstamo Colección Biblioteca de origen Biblioteca actual Ubicación en estantería Fecha de adquisición Total de préstamos Signatura topográfica completa Código de barras Visto por última vez Precio de reemplazo Tipo de ítem Koha
        Colección de folletos Biblioteca del Ateneo de Madrid Biblioteca del Ateneo de Madrid Depósito folletos 17/01/2008   T-585-F-1 1166771 23/02/2023 23/02/2023 Folleto